| 000 | 00365 a2200109 4500 | ||
|---|---|---|---|
| 001 | ART_10661 | ||
| 005 | 20260410161718.0 | ||
| 008 | 260409a | ||
| 245 | 1 | 0 | _aCuestiones vinculadas a las diferencias entre el acto administrativo y el reglamento |
| 100 | 1 | _aHalperin, David A. | |
| 773 | 0 |
_tDerecho administrativo _g- NÂș 79 (feb. 2012) _wREV1721 |
|
| 999 |
_c16690 _d16690 |
||